| 000 | 00771cam a2200241 4500 | ||
|---|---|---|---|
| 001 | D15780 | ||
| 008 | 090401t1980 xxu||||| |||| 00| 0 eng d | ||
| 035 | _a(Sirsi) u25120 | ||
| 041 | _aeng | ||
| 050 | _a690.24 | ||
| 090 | _aRICS 1980/99ABC | ||
| 110 |
_aRoyal Institution of Chartered Surveyors _bBuilding Surveyors Division _94964 |
||
| 245 | _aPlanned building maintenance: a guide for practitioners | ||
| 260 |
_aLondon _bRICS _c1980 |
||
| 300 | _a17p. ; 30cm. | ||
| 350 | _a1.5 | ||
| 490 |
_aPractice Note _v4 |
||
| 520 | _aSUPERSEDED: Replaced by Planned Building Maintenance : a Guidance Note (RICS 1990/74). | ||
| 650 | _aBUILT ENVIRONMENT-BUILDING MAINTENANCE AND REFURBISHMENT | ||
| 650 | _aPLANNED MAINTENANCE | ||
| 942 | _n0 | ||
| 948 | _c04/03/1997 | ||
| 999 |
_c88680 _d88680 |
||